Detalles MARC
| 000 -CABECERA |
| campo de control de longitud fija |
01209nam a2200253 a 4500 |
| 001 - NÚMERO DE CONTROL |
| campo de control |
000026954 |
| 005 - FECHA Y HORA DE LA ÚLTIMA TRANSACCIÓN |
| campo de control |
20250409122710.0 |
| 008 - DATOS DE LONGITUD FIJA--INFORMACIÓN GENERAL |
| campo de control de longitud fija |
110328s2001 dr ad 001 0 spa d |
| 040 ## - FUENTE DE LA CATALOGACIÓN |
| Centro catalogador/agencia de origen |
DO-SdBNP |
| Lengua de catalogación |
spa |
| Centro/agencia transcriptor |
BNPHU |
| 082 ## - NÚMERO DE LA CLASIFICACIÓN DECIMAL DEWEY |
| Número de clasificación |
050.97293 |
| Número de documento/Ítem |
U58a |
| 110 1# - ENTRADA PRINCIPAL--NOMBRE DE ENTIDAD CORPORATIVA |
| Nombre de entidad corporativa o nombre de jurisdicción como elemento de entrada |
Universidad Central del Este |
| 9 (RLIN) |
37229 |
| 245 10 - MENCIÓN DE TÍTULO |
| Título |
Anuario científico. |
| 260 ## - PUBLICACIÓN, DISTRIBUCIÓN, ETC. |
| Lugar de publicación, distribución, etc. |
San Pedro de Macorís : |
| Nombre del editor, distribuidor, etc. |
Universidad Central del Este (UCE), |
| Fecha de publicación, distribución, etc. |
2001. |
| 300 ## - DESCRIPCIÓN FÍSICA |
| Extensión |
248 p. : |
| Otras características físicas |
il., tablas. ; |
| Dimensiones |
23 cm. |
| 500 ## - NOTA GENERAL |
| Nota general |
Incluye índice alfabético de autores. |
| 504 ## - NOTA DE BIBLIOGRAFÍA, ETC. |
| Nota de bibliografía, etc. |
Incluye bibliografía y notas al pie de páginas. |
| 505 2# - NOTA DE CONTENIDO CON FORMATO |
| Información miscelánea |
Presentación -- |
| Título |
Medicina -- |
| -- |
Farmacología experimental -- |
| -- |
Psicología -- |
| -- |
Economía -- |
| -- |
Estudios sociales -- |
| Información miscelánea |
Índice analítico del Anuario Científico de la UCE, de los números 1 al 11 / |
| Mención de responsabilidad |
Snejanka Penkova -- |
| Información miscelánea |
Índices. |
| 590 ## - NOTA LOCAL (RLIN) |
| Nota local |
Inventariado,2018/DG |
| 650 #4 - PUNTO DE ACCESO ADICIONAL DE MATERIA--TÉRMINO DE MATERIA |
| Término de materia o nombre geográfico como elemento de entrada |
Investigación científica |
| Subdivisión de forma |
ANUARIOS |
| 9 (RLIN) |
54044 |
| 650 #4 - PUNTO DE ACCESO ADICIONAL DE MATERIA--TÉRMINO DE MATERIA |
| Término de materia o nombre geográfico como elemento de entrada |
Medicina |
| Subdivisión general |
Investigaciones |
| -- |
Ensayos, conferencias, etc. |
| 9 (RLIN) |
54045 |
| 650 #4 - PUNTO DE ACCESO ADICIONAL DE MATERIA--TÉRMINO DE MATERIA |
| Término de materia o nombre geográfico como elemento de entrada |
Farmacología |
| Subdivisión general |
Investigaciones |
| -- |
Ensayos, conferencias, etc. |
| 9 (RLIN) |
54046 |
| 650 #4 - PUNTO DE ACCESO ADICIONAL DE MATERIA--TÉRMINO DE MATERIA |
| Término de materia o nombre geográfico como elemento de entrada |
Ciencias sociales |
| Subdivisión general |
Investigaciones |
| -- |
Ensayos, conferencias, etc. |
| 9 (RLIN) |
54047 |
| 910 ## - DATOS DE OPCIÓN DEL USUARIO (OCLC) |
| Datos de opción del usuario |
Validado. Control de calidad EMS. |